000 00287nam a2200109Ia 4500
008 200302s9999 xx 000 0 und d
100 _aV. J. Davies and K.Tomasin
245 _aConstruction Safety Handbook
260 _bThomas telford Publishing Ltd.,
260 _c1990
300 _a253 P.,
999 _c3977
_d3977